Allo Paris Digest (Record no. 7837)
[ view plain ]
| 000 -CABECERA | |
|---|---|
| campo de control de longitud fija | 00780nam a2200241 a 4500 |
| 001 - NÚMERO DE CONTROL | |
| campo de control | BRCA_8169 |
| 005 - FECHA Y HORA DE LA ÚLTIMA TRANSACCIÓN | |
| campo de control | 20190320210148.0 |
| 008 - DATOS DE LONGITUD FIJA--INFORMACIÓN GENERAL | |
| campo de control de longitud fija | 070514c1960----fr-a###f##---#000-0#fre-# |
| 041 ## - CÓDIGO DE LENGUA | |
| Código de lengua del texto/banda sonora o título independiente | fre |
| 044 ## - CÓDIGO DEL PAÍS DE LA ENTIDAD EDITORA/PRODUCTORA | |
| Código MARC del país | fr |
| 050 #4 - SIGNATURA TOPOGRÁFICA DE LA BIBLIOTECA DEL CONGRESO | |
| Número de clasificación | N8650 |
| Número de documento/Ítem | .A44 |
| -- | 1960 |
| 245 10 - MENCIÓN DE TÍTULO | |
| Título | Allo Paris Digest |
| Resto del título | l´hebdomadaire du parisien |
| Mención de responsabilidad, etc. | Director Jacques Chabannes. |
| 260 ## - PUBLICACIÓN, DISTRIBUCIÓN, ETC. | |
| Lugar de publicación, distribución, etc. | Paris |
| Nombre del editor, distribuidor, etc. | L´Hotel Claridge |
| Fecha de publicación, distribución, etc. | 1960 |
| 300 ## - DESCRIPCIÓN FÍSICA | |
| Extensión | 33 p. |
| Otras características físicas | il. |
| Dimensiones | 23 cm. |
| 440 #0 - MENCIÓN DE SERIE/PUNTO DE ACCESO ADICIONAL--TÍTULO | |
| Título | Allo Paris Digest |
| Número de parte o sección de la obra | 166 |
| 9 (RLIN) | 20363 |
| 500 ## - NOTA GENERAL | |
| Nota general | X71 |
| 500 ## - NOTA GENERAL | |
| Nota general | Publicación periódica (guía de restaurantes y hoteles) inventariada como libro por el Banco de México |
| 651 #4 - PUNTO DE ACCESO ADICIONAL DE MATERIA--NOMBRE GEOGRÁFICO | |
| Nombre geográfico | Paris |
| Subdivisión de forma | Guía semanal |
| 9 (RLIN) | 20364 |
| 651 #4 - PUNTO DE ACCESO ADICIONAL DE MATERIA--NOMBRE GEOGRÁFICO | |
| Nombre geográfico | Paris |
| Subdivisión de forma | Restaurantes y hoteles |
| 9 (RLIN) | 20365 |
| 700 1# - PUNTO DE ACCESO ADICIONAL--NOMBRE DE PERSONA | |
| Nombre de persona | Chabannes, Jacques |
| Término indicativo de función/relación | dir. |
| 9 (RLIN) | 20366 |
| 902 ## - CATALOGADOR | |
| Iniciales | GFM |
| 942 ## - ELEMENTOS DE PUNTO DE ACCESO ADICIONAL (KOHA) | |
| Fuente del sistema de clasificación o colocación | Library of Congress Classification |
| Tipo de ítem Koha | Libros |
| Estado de retiro | Estado de pérdida | Estado dañado | No para préstamo | Localización permanente | Ubicación/localización actual | Fecha de adquisición | Número de inventario | Total de préstamos | Signatura topográfica completa | Código de barras | Fecha visto por última vez | Precio válido a partir de | Tipo de ítem Koha |
|---|---|---|---|---|---|---|---|---|---|---|---|---|---|
| El ejemplar forma parte de la colección y puede ser consultado según las políticas vigentes. | Biblioteca del Museo Franz Mayer (Rogerio Casas-Alatriste) | Biblioteca del Museo Franz Mayer (Rogerio Casas-Alatriste) | 07/05/2014 | X71 | N8650 .A44 1960 (X71) | 8793 | 22/03/2019 | 22/03/2019 | Libros |